[Event "Mostoles op 12th"]
[Site "Mostoles"]
[Date "2023.07.29"]
[Round "7"]
[White "Villodre Miranda, Juan Alonso"]
[Black "Munoz Merinas, Cesar"]
[Result "1/2-1/2"]
[WhiteElo "1495"]
[BlackElo "1248"]
[PlyCount "123"]
[EventDate "2023.07.23"]
[EventType "swiss"]
[EventRounds "8"]
[EventCountry "ESP"]
[SourceTitle "CBM 215 Extra"]
[Source "ChessBase"]
[SourceDate "2023.09.30"]
[SourceVersion "1"]
[SourceVersionDate "2023.09.30"]
[SourceQuality "1"]

1. c4 Nf6 2. Nc3 g6 3. e4 c5 4. g3 Bg7 5. Bg2 0-0 6. Nge2 d6 7. 0-0 Nbd7 8. h3 Rb8 9. d3 a6 10. a4 b6 11. f4 Bb7 12. Be3 Nh5 13. g4 Bxc3 14. bxc3 Ng7 15. f5 Ne5 16. Qd2 h5 17. Bf3 Nxf3+ 18. Rxf3 e5 19. Bh6 hxg4 20. hxg4 Qh4 21. Rg3 Kh7 22. Bxg7 Kxg7 23. Kg2 Rh8 24. Kf2 Qh2+ 25. Rg2 Qh4+ 26. Kf3 Rh7 27. Ng3 Qf6 28. g5 Qd8 29. f6+ Kf8 30. Rh2 Rxh2 31. Qxh2 Ke8 32. Qh8+ Kd7 33. Qxd8+ Rxd8 34. Rh1 Bc6 35. Rh7 Ke6 36. Rh1 Bxa4 37. Ra1 b5 38. cxb5 axb5 39. c4 Bc2 40. cxb5 Bxd3 41. b6 Rb8 42. Ra7 d5 43. Re7+ Kd6 44. exd5 Kxd5 45. b7 Kc6 46. Rxf7 Bc4 47. Re7 Rxb7 48. Rxe5 Bd5+ 49. Kf4 Kd6 50. Ne4+ Bxe4 51. Rxe4 Rb4 52. Ke3 Rb3+ 53. Kf2 Rb2+ 54. Re2 Rb4 55. Kf3 Rb3+ 56. Re3 c4 57. Kf4 Rb5 58. Rg3 Rf5+ 59. Ke4 c3 60. Kd3 Rc5 61. Kc2 Rc6 62. Rxc3 1/2-1/2

[Event "Mostoles op 12th"]
[Site "Mostoles"]
[Date "2023.07.27"]
[Round "5"]
[White "Fernandez Rodriguez, Diego1111"]
[Black "Munoz Merinas, Cesar"]
[Result "0-1"]
[WhiteElo "1207"]
[BlackElo "1248"]
[PlyCount "58"]
[EventDate "2023.07.23"]
[EventType "swiss"]
[EventRounds "8"]
[EventCountry "ESP"]
[SourceTitle "CBM 215 Extra"]
[Source "ChessBase"]
[SourceDate "2023.09.30"]
[SourceVersion "1"]
[SourceVersionDate "2023.09.30"]
[SourceQuality "1"]

1. d4 Nf6 2. Bf4 d5 3. Nf3 c5 4. c3 Nc6 5. h3 Qb6 6. Qb3 c4 7. Qxb6 axb6 8. e3 h6 9. Nbd2 b5 10. Be2 Bf5 11. Ne5 e6 12. Nxc6 bxc6 13. Nf3 Nd7 14. 0-0 Be7 15. b3 cxb3 16. axb3 0-0 17. c4 b4 18. cxd5 exd5 19. Rfc1 Ra3 20. Ne1 Rfa8 21. Rxa3 bxa3 22. Bd3 a2 23. Ra1 Bb4 24. Bxf5 Bc3 25. Bxd7 Bxa1 26. b4 Bc3 27. Nc2 Bxb4 28. Na1 Bc3 29. Nb3 Ra3 0-1

[Event "Mostoles op 12th"]
[Site "Mostoles"]
[Date "2023.07.23"]
[Round "1"]
[White "Munoz Merinas, Cesar"]
[Black "Guach Rodriguez, Marco Antonio"]
[Result "0-1"]
[WhiteElo "1248"]
[BlackElo "1706"]
[PlyCount "118"]
[EventDate "2023.07.23"]
[EventType "swiss"]
[EventRounds "8"]
[EventCountry "ESP"]
[SourceTitle "CBM 215 Extra"]
[Source "ChessBase"]
[SourceDate "2023.09.30"]
[SourceVersion "1"]
[SourceVersionDate "2023.09.30"]
[SourceQuality "1"]

1. d4 Nf6 2. c4 d6 3. Nf3 g6 4. g3 Bg7 5. Bg2 Nbd7 6. Bg5 h6 7. Bd2 0-0 8. 0-0 e5 9. dxe5 dxe5 10. Qc1 Kh7 11. Nc3 c6 12. b3 Qe7 13. e4 Nc5 14. Qc2 Bg4 15. Be3 Bxf3 16. Bxc5 Qxc5 17. Bxf3 Rfd8 18. Rad1 Qa5 19. Rd3 Rxd3 20. Qxd3 Rd8 21. Qc2 Rd4 22. Rd1 Qd8 23. Kf1 Ne8 24. Ke2 Nc7 25. Rxd4 exd4 26. Qd3 Ne6 27. Na4 Qg5 28. Qd2 Qe5 29. Kd3 b5 30. Nb2 Nc5+ 31. Kc2 Nxe4 32. Nd3 Qf5 33. Qf4 Qxf4 34. Nxf4 f5 35. Nd3 a5 36. c5 Bf8 37. Bg2 b4 38. f3 Nxc5 39. Nxc5 Bxc5 40. f4 Kg7 41. Bxc6 g5 42. Kd3 gxf4 43. gxf4 Kf6 44. h4 Bd6 45. Kxd4 Bxf4 46. Bf3 Bc7 47. Kd5 Bg3 48. Kc6 Bxh4 49. Kb5 Be1 50. Kxa5 Ke5 51. Kb5 Kf4 52. Bh5 Ke3 53. Kc5 f4 54. Bf7 f3 55. Bc4 h5 56. Kd5 h4 57. Bf1 Kf2 58. Ke4 Kxf1 59. Kxf3 Bg3 0-1